| 000 | nam a22 7a 4500 | ||
|---|---|---|---|
| 999 |
_c332111 _d332111 |
||
| 003 | NUST | ||
| 005 | 20171113125316.0 | ||
| 008 | 171113b xxu||||| |||| 00| 0 eng d | ||
| 020 | _a9781843392156 | ||
| 040 | _c0 | ||
| 082 | _a628.16 KRA | ||
| 100 |
_aKramer,Timothy A. _96323 |
||
| 245 |
_aAssessment of Arsenic Treatment Residuals: _cTimothy A.Kramer |
||
| 260 |
_aLondon _bIWA _c2008 |
||
| 300 | _a104p. | ||
| 500 | _aP.B | ||
| 942 |
_2ddc _cBK _kIESE |
||